00597nam a22001817a 4500003000400000005001700004008004100021020001500062040002900077050002300106100001800129245010500147260003600252300002300288650003100311650003300342650004000375OSt20260629141131.0260629b |||||||| |||| 00| 0 eng d a1575421054 cChuka University Library aLB 1031b.H43 2002 aHeacox, Diane aDifferentiating Instruction in Regular Classroom : How to Reach and Teach All Learners , Grades 3-12 aMinneapolisbFree Spirit c2002 a164ppbillustrated aIndividualized Instruction aCognitive Styles in Children aMixed Ability Grouping in Education